| 000 | 00873cam a22001934a 4500 | ||
|---|---|---|---|
| 005 | 20250605164218.0 | ||
| 008 | 250528s ||||||||||||||||||||||||d | ||
| 035 | _a20535 | ||
| 020 | _a715721666 | ||
| 040 |
_aGR-AtMCL _bgre _dGR-AtMCL _eAACR2 |
||
| 245 | 1 | _aThe Northern European Renaissance / Teacher's Guide; 12 Coloured Overhead Transparencies and 12 Spiritmaster Pages | |
| 260 | _c1981 | ||
| 520 | _aHumanists of Northern Europe, Johann Gutenberg, Martin Luther, Martin Luther's Beliefs and Accomplishments, Elizabeth I and Renaissance Queen, Elizabethan English, Elizabethan England, Elizabethan Drama, Poor People of the Renaissance, Chateaux of France, Elegant Dining of the Renaissance, Science and Scientists of Northern Europe. | ||
| 700 | 1 |
_aChase Marilyn _96510 |
|
| 700 | 1 |
_aHolmes Mcdougall _92272 |
|
| 942 | _cBK | ||
| 999 |
_c5633 _d5633 |
||